000 00218nam a22000857a 4500
008 170203b xxu||||| |||| 00| 0 eng d
100 _92771
_aBhan.W.etal.
245 _aInteractive English-8
260 _aNew Delhi
_bParth
_c2010
999 _c5962
_d5962